Detalles MARC
| 000 -LÍDER |
| Campo fijo de descripción fija |
03015nam a2200289 i 4500 |
| 001 - NÚMERO DE CONTROL |
| Campo de control |
768714001 |
| 003 - IDENTIFICADOR DEL NÚMERO DE CONTROL |
| Campo de control |
CO-MdFUSB |
| 005 - FECHA Y HORA DE LA ULTIMA TRANSACCIÓN |
| control field |
20250521084935.0 |
| 008 - ELEMENTOS DE LONGITUD FIJA -- INFORMACIÓN GENERAL |
| Campo fijo de descripción fija -- Información general |
190405s2013 mnu||||g |||| 00| 0 eng d |
| 020 ## - NÚMERO INTERNACIONAL NORMALIZADO PARA LIBROS |
| Número Internacional Normalizado del libro |
978-0-9703028-1-6 |
| 040 ## - FUENTE DE CATALOGACIÓN |
| Agencia de catalogación original |
CO-MdFUSB |
| Idioma de catalogación |
spa |
| Agencia que realiza la transcripción |
CO-MdFUSB |
| Agencia que realiza la modificación |
CO-MdFUSBC |
| Convenciones de la descripción |
rda |
| 041 ## - CÓDIGO DE IDIOMA |
| Código de idioma para texto/pista de sonido o título separado |
eng |
| 082 ## - NÚMERO DE CLASIFICACIÓN DECIMAL DEWEY |
| Número de la edición del Dewey |
24 |
| Número de clasificación |
248.4 |
| Clave de autor-Numero de item |
C858 |
| 245 00 - TÍTULO |
| Título del Material |
Courage to think differently |
| Mención de responsabilidad, etc. |
/ editado por George S. Johnson |
| 264 #1 - PRODUCCIÓN, PUBLICACIÓN, DISTRIBUCIÓN, MANUFACTURA, Y COPYRIGHT |
| Lugar de producción, publicación, distribución, manufactura |
Cambridge, Minnesota ; |
| Nombre del productor, publicador, distribuidor |
Adventure Publications, |
| Fecha de producción, publicación, distribución, manufactura, o copyright |
℗[2013] |
| 264 #4 - PRODUCCIÓN, PUBLICACIÓN, DISTRIBUCIÓN, MANUFACTURA, Y COPYRIGHT |
| Fecha de producción, publicación, distribución, manufactura, o copyright |
©2013 |
| 300 ## - DESCRIPCIÓN FÍSICA |
| Extensión |
304 páginas |
| Dimensiones |
; 23 cm |
| 336 ## - TIPO DE CONTENIDO |
| Fuente |
rdacontent |
| Término de tipo de contenido |
texto |
| Código de tipo de contenido |
txt |
| 337 ## - TIPO DE MEDIO |
| Fuente |
rdamedia |
| Nombre del tipo de medio |
sin mediación |
| Código del tipo de medio |
n |
| 338 ## - TIPO DE SOPORTE |
| Fuente |
rdacarrier |
| Nombre del tipo de soporte |
volumen |
| Código Tipo de soporte |
nc |
| 505 ## - NOTA DE CONTENIDO |
| Información miscelánea |
Contenido traducido: |
| Nota de contenido con formato preestablecido |
En una cultura de religión irrelevante e idolatría. Convertirse en un cristiano de pensamiento / John B. Cobb, Jr. -- Santo descontento / Diana Butler Bass -- El peligro de adorar a Jesús / Harry Emerson Fosdick -- Necesitado en educación teológica / Walter Brueggemann -- Ídolos en la iglesia / George S. Johnson -- En una cultura de exclusión y democracia delgada. Algo por lo que vale la pena enojarse / Bill Moyers -- Cómo controlarse / Frances Moore Lappé -- Tomar en serio la opresión / Brita Gill-Austern -- La caridad puede ser una situación peligrosa / Shane Claiborne -- El hombre rico y Lázaro / George Johnson -- En una cultura de las certezas bíblicas y de la ignorancia. Leyendo la Biblia de nuevo / Marcus Borg -- Biblia de los oprimidos / Elsa Tamez -- Interpretación bíblica feminista / Elisabeth Schussler Fiorenza -- Dios toma partido / Robert McAfee Brown -- Jesús y la interpretación bíblica / George Johnson -- En una cultura de individualismo y gracia barata. Obediencia que no es legalismo / Walter Brueggemann -- Recordar a los pobres / Jeorg Rieger -- Cooptado por el sistema / Hermana Marie Augusta Neal -- Las políticas de ganar, tomar / Jacob Hacker y Paul Pierson -- De creer a seguir / George Johnson -- En una cultura de crisis ecológica y avaricia. Nuevo clima para la teología / Sallie McFague -- Destruyendo a los pequeños agricultores / Vandana Shiva -- Una guerra que nunca ganaremos / Wendell Berry -- Economía de la tierra / David Korten -- Sacramentalismo y eco-feminismo / Larry Rasmussen -- En una cultura de silencio e inseguridad laboral. Ante las autoridades / Walter Brueggeman -- Víctimas de ayer olvidadas / Elie Wiesel -- Carta de una cárcel de Birmingham / Martin Luther King, Jr. -- La cruz y el árbol de linchamiento / James H. Cone -- Ser profético requiere coraje / Leonardo Boff -- En una cultura de imperio y religión civil. No es una guerra de clases / Susan Brooks Thistlethwaite - Explotación global / Miguel de la Torre - América el excepcional / Brian McLaren - Israel, Palestina e Irán / Rabí Machael Lerner -- ¿Fue Jesús subversivo? / George Johnson |
| 650 #0 - ASIENTO SECUNDARIO DE MATERIA - TERMINO TEMÁTICO |
| 9 (RLIN) |
19 |
| Término temático o nombre geográfico como elemento de entrada |
Vida cristiana |
| 700 ## - ASIENTO SECUNDARIO - NOMBRE PERSONAL |
| Nombre personal |
Johnson, George S., |
| 9 (RLIN) |
11544 |
| Responsabilidad |
editor |
| 942 ## - TIPO DE MATERIAL (KOHA) |
| Tipo de Item KOHA |
Libros General |
| 945 ## - INFORMACIÓN LOCAL DEL REGISTRO |
| Catalogador |
JTF-925 |